| 000 | 01897cam a22002894a 4500 | ||
|---|---|---|---|
| 999 |
_c126896 _d126896 |
||
| 001 | 15574931 | ||
| 003 | ARRUPE | ||
| 005 | 20170905090210.0 | ||
| 008 | 090105s2009 miu b 001 0 eng | ||
| 010 | _a 2008052872 | ||
| 020 | _a9780801035715 (pbk.) | ||
| 020 | _a0801035716 (pbk.) | ||
| 035 | _a(OCoLC)ocn263988371 | ||
| 040 |
_aDLC _cDLC _dBTCTA _dYDXCP _dC#P _dBWX _dLNT _dCDX _dDLC |
||
| 050 | 0 | 0 |
_aBT708 _b.H625 2009 |
| 082 | 0 | 0 |
_a241/.66 _222 |
| 100 | 1 |
_aHollinger, Dennis P., _d1948- _935601 |
|
| 245 | 1 | 4 |
_aThe meaning of sex : _bChristian ethics and the moral life / _cDennis P. Hollinger. |
| 260 |
_aGrand Rapids, Mich. : _bBaker Academic, _cc2009. |
||
| 300 |
_a272 p. ; _c23 cm. |
||
| 500 | _a"Unlesss otherwise indicated, Scripture quotations are from the HOLY BIBLE, TODAY'S NEW INTERNATIONAL VERSION. TNIV. Scripture quotations labeled NLT are from the Holy Bible, New Living Translation. Scripture quotations labeled NRSV are from the New Revised Standard Version of the Bible. Svripture quotations labeled NJV are from the King James Version of the Bible."--T.p. verso. | ||
| 504 | _aIncludes bibliographical references (p. 247-268) and index. | ||
| 505 | 0 | _aIntroduction: What's at stake in sexual morality? -- Pt. 1. Frameworks. Ethical theories and sex -- Worldviews and sex -- The Christian worldview and sex -- The purposes of sex -- Pt. 2. Issues. Sex before marriage -- Sex in marriage -- The challenge of homosexuality -- Reproductive technologies and sexual ethics -- Living in a sex-crazed world. | |
| 650 | 0 |
_aSex _xReligious aspects _xChristianity. _912625 |
|
| 650 | 0 |
_aSexual ethics. _9821 |
|
| 906 |
_a7 _bcbc _corignew _d1 _eecip _f20 _gy-gencatlg |
||
| 942 |
_2lcc _cMONOGRAPH |
||